[Event "GER-ch51 V06 email"]
[Site "GER email"]
[Date "2019.04.14"]
[Round "?"]
[White "Kunz, Harry"]
[Black "Huber, Martin Christian"]
[Result "1/2-1/2"]
[WhiteElo "2337"]
[BlackElo "2344"]
[PlyCount "57"]
[EventDate "2019.??.??"]
[EventType "tourn (corr)"]
[EventRounds "10"]
[EventCountry "GER"]
[SourceTitle "Corr 2022"]
[Source "ChessBase"]
[SourceDate "2021.10.24"]
[SourceVersion "1"]
[SourceVersionDate "2021.10.24"]
[SourceQuality "1"]

1. e4 c5 2. c3 Nf6 3. e5 Nd5 4. d4 cxd4 5. Nf3 Nc6 6. cxd4 d6 7. Bc4 Nb6 8. Bb5 dxe5 9. Nxe5 Bd7 10. Nxd7 Qxd7 11. Nc3 e6 12. 0-0 a6 13. Bxc6 Qxc6 14. Be3 Nd5 15. Rc1 Be7 16. Qf3 Rd8 17. Ne4 Qb6 18. Qg3 g6 19. Bh6 Rg8 20. Rfe1 g5 21. h4 Qxd4 22. hxg5 f5 23. Nc3 Nxc3 24. Rxc3 Rg6 25. a3 Qd6 26. Qf3 Qd5 27. Qh5 Kf7 28. b4 Rd7 29. Rce3 1/2-1/2

[Event "GER-ch51 V06 email"]
[Site "GER email"]
[Date "2019.04.14"]
[Round "?"]
[White "Wichert, Gerd"]
[Black "Kunz, Harry"]
[Result "1/2-1/2"]
[WhiteElo "2316"]
[BlackElo "2337"]
[PlyCount "79"]
[EventDate "2019.??.??"]
[EventType "tourn (corr)"]
[EventRounds "10"]
[EventCountry "GER"]
[SourceTitle "Corr 2022"]
[Source "ChessBase"]
[SourceDate "2021.10.24"]
[SourceVersion "1"]
[SourceVersionDate "2021.10.24"]
[SourceQuality "1"]

1. d4 d5 2. c4 c6 3. Nf3 Nf6 4. e3 e6 5. b3 Bd6 6. Bb2 0-0 7. Nbd2 b6 8. Bd3 Nbd7 9. 0-0 Bb7 10. Qe2 Qe7 11. Rad1 Rfe8 12. Ne5 c5 13. cxd5 exd5 14. f4 cxd4 15. exd4 Rac8 16. Ndf3 Rc7 17. Rde1 Ne4 18. Bb5 Bb4 19. Rc1 Rxc1 20. Rxc1 Nxe5 21. Bxe8 Ng6 22. Bb5 Nxf4 23. Qf1 a6 24. Bxa6 Nd2 25. Nxd2 Bxd2 26. Bb5 Be3+ 27. Kh1 Bxc1 28. Bxc1 Ne6 29. Qe1 Bc8 30. Bd3 Qd6 31. a4 Bd7 32. a5 bxa5 33. Qxa5 Qc6 34. Bd2 h6 35. Qa7 Qc8 36. h3 Ng5 37. Kh2 Bf5 38. Bxf5 Qxf5 39. Bxg5 hxg5 40. Qb8+ 1/2-1/2